Ensayo histórico etimológico filológico sobre los apellidos castellanos / (Record no. 72630)

MARC details
000 -LEADER
campo de control de longitud fija 00601nam a2200181 i 4500
001 - NÚMERO DE CONTROL
campo de control 72630
003 - IDENTIFICADOR DE NÚMERO DE CONTROL
campo de control ES-MaACL
005 - FECHA Y HORA DE LA ÚLTIMA TRANSACCIÓN
campo de control 20230906171510.0
007 - CAMPO FIJO DE DESCRIPCIÓN FÍSICA--INFORMACIÓN GENERAL
campo de control de longitud fija t|
008 - DATOS DE LONGITUD FIJA--INFORMACIÓN GENERAL
campo de control de longitud fija 040902s1975 sp ||||1| spa d
100 1# - ENTRADA PRINCIPAL--NOMBRE DE PERSONA
Nombre de persona Godoy Alcántara, José.
9 (RLIN) 57542
245 10 - MENCIÓN DEL TÍTULO
Título Ensayo histórico etimológico filológico sobre los apellidos castellanos /
Mención de responsabilidad, etc. José Godoy Alcántara.
260 ## - PUBLICACIÓN, DISTRIBUCIÓN, ETC.
Lugar de publicación, distribución, etc. Barcelona :
Nombre del editor, distribuidor, etc. El Albir,
Fecha de publicación, distribución, etc. 1975.
300 ## - DESCRIPCIÓN FÍSICA
Extensión 280 p. ;
Dimensiones 19 cm.
500 ## - NOTA GENERAL
Nota general Es reprod. fasc. de la ed. de Madrid: Rivadeneyra, 1871.
650 #4 - PUNTO DE ACCESO ADICIONAL DE MATERIA--TÉRMINO DE MATERIA
Término de materia o nombre geográfico como elemento de entrada Apellidos-
Subdivisión geográfica España.
9 (RLIN) 148523
852 ## - LOCALIZACIÓN
Ubicación ES-MaACL
Número de control de estantería E-9604
Sublocalización o colección R.93458
Holdings
Estatus retirado Estado de pérdida Estado de daño No para préstamo Biblioteca de origen Biblioteca actual Ubicación en estantería Fecha de adquisición Fuente de adquisición Total de préstamos Signatura topográfica completa Código de barras Visto por última vez Precio de reemplazo Tipo de ítem Koha
        Biblioteca del Ateneo de Madrid Biblioteca del Ateneo de Madrid Depósito 2 17/01/2008     E-9604 1076033 23/02/2023 23/02/2023 Libro impreso